| 000 -ლიდერი |
| ფიქსირებული სიგრძის საკონტროლო ველი |
01478nam a22002177a 4500 |
| 003 - საკონტროლო ნომრის იდენტიფიკატორი |
| საკონტროლო ველი |
Ge_BSU |
| 005 - ბოლო ოპერაციის თარიღი და დრო |
| საკონტროლო ველი |
20251103205334.0 |
| 008 - ფიქსირებული სიგრძის მონაცემთა ელემენტები - ზოგადი ინფორმაცია |
| ფიქსირებული სიგრძის საკონტროლო ველი |
251103s1980 ge ||||| |||| 00| 0 geo d |
| 041 ## - ენის კოდი |
| Language code of text/sound track or separate title |
geo |
| 080 ## - უნივერსალური ათობითი კლასიფიკაციის ინდექსი |
| Universal Decimal Classification number |
330.84 გ-20 |
| 245 ## - ცნობა სათაურის შესახებ |
| Title |
განვითარებული სოციალიზმის ეკონომიკური თეორიის აქტუალური საკითხები: |
| Remainder of title |
ნაკვ. 2 / |
| Statement of responsibility, etc |
ავტორები: ვ. აბულაძე, ი. ქვაჩახია, გ. გოშაძე [და სხვა]; ლ.ლ. ჩიქავას რედაქციით; თბილისის სახელმწიფო უნივერსიტეტი. |
| 264 ## - წარმოების, გამოცემის, დისტრიბუციის და სხვა ცნობები |
| გამოცემის, წარმოების, დისტრიბუციის... ადგილი |
თბილისი : |
| გამოცემის, წარმოების, დისტრიბუციის... სახელწოდება |
თბილ. უნ-ტის გამ-ბა, |
| გამოცემის, წარმოების, დისტრიბუციის... თარიღი |
1980. |
| 300 ## - ფიზიკური აღწერა |
| Extent |
356 გვ.; |
| Other physical details |
22 სმ. |
| 653 ## - INDEX TERM--UNCONTROLLED |
| Uncontrolled term |
სოციალიზმის ეკონომიკური თეორია |
| 700 ## - ADDED ENTRY--PERSONAL NAME |
| Personal name |
აბულაძე, ვ. |
| Relator term |
ავტორი |
| 9 (RLIN) |
26153 |
| 700 ## - ADDED ENTRY--PERSONAL NAME |
| Personal name |
ქვაჩახია, ირ. |
| Relator term |
ავტორი, რედაქტორი |
| 9 (RLIN) |
26154 |
| 700 ## - ADDED ENTRY--PERSONAL NAME |
| Personal name |
გოშაძე, გ. |
| Relator term |
ავტორი |
| 9 (RLIN) |
3113 |
| 700 ## - ADDED ENTRY--PERSONAL NAME |
| Personal name |
ჩიქავა, ლ.ლ. და სხვ. |
| Relator term |
ავტორი, რედაქტორი |
| 9 (RLIN) |
26155 |
| 710 ## - ADDED ENTRY--CORPORATE NAME |
| Corporate name or jurisdiction name as entry element |
თბილისის სახელმწიფო უნივერსიტეტი. |
| 9 (RLIN) |
26156 |
| 942 ## - ADDED ENTRY ELEMENTS (KOHA) |
| Source of classification or shelving scheme |
|
| Koha item type |
წიგნი |